Schriften - ein Netzwerk /

Main Author: Cerha, Friedrich, 1926-2023
Language: German
Published: Wien : Lafite, c2001
Series: Komponisten unserer Zeit
Österreichische Musikzeitedition
Physical Description: 310 s. : il., portréty, faksim. ; 21 cm
Book
Saved in:
LEADER 01492nam a2200409 a 4500
001 001196335
003 CZ BrMZK
005 20120313123541.0
007 ta
008 120223s2001 au ach e 001 0 ger
020 |a 3-85151-065-8  |q (váz.) 
040 |a BOA001  |b cze 
043 |a e-au--- 
045 |a x2y0 
072 7 |a 78.07  |x Hudebníci, skladatelé a jiná hudební povolání  |2 Konspekt  |9 9 
080 |a 78.071.1  |2 MRF 
080 |a (436)  |2 MRF 
080 |a (048.8)  |2 MRF 
100 1 |a Cerha, Friedrich,  |d 1926-2023  |7 jo2002139624  |4 aut 
245 1 0 |a Schriften - ein Netzwerk /  |c Friedrich Cerha 
260 |a Wien :  |b Lafite,  |c c2001 
300 |a 310 s. :  |b il., portréty, faksim. ;  |c 21 cm 
490 1 |a Komponisten unserer Zeit ;  |v Bd. 28 
490 1 |a Österreichische Musikzeitedition 
500 |a Rozložená tit. s. 
500 |a Chronologický přehled 
504 |a Obsahuje bibliografii, bibliografické odkazy, rejstřík, filmografii a diskografii 
600 1 7 |a Cerha, Friedrich,  |d 1926-  |7 jo2002139624  |2 czenas 
648 7 |a 20.-21. století  |7 ch462155  |2 czenas 
650 0 7 |a hudební skladatelé  |7 ph120923  |z Rakousko  |y 20.-21. stol.  |2 czenas 
655 7 |a monografie  |7 fd132842  |2 czenas 
830 0 |a Komponisten unserer Zeit 
830 0 |a Österreichische Musikzeitedition 
910 2 |a BOA001  |b RK-0005.923 
990 |a BK 
991 |b 201203  |e n  |x 33 
996 7 |b 261A007133  |c RK-0005.923  |l Rakouská knihovna/2.patro  |r ZHR  |n 0  |p dar  |h MU  |w 001230256  |u 000020  |a 0  |e BOA001  |j MZK50  |s A